01837nam a2200241Ia 4500001000600000003000900006008004100015040001300056040001300069041001300082100002200095100002900117245002500146245002500171250001100196260001200207260002900219260004900248300004300297500119200340650003201532650003101564E0880IT-RoPAU130308s9999 xx 000 0 und d aIT-RoPAU cIT-RoPAU aFRANCESE aD'Almeida Fabrice gCodice Aut. SPICS: 31024 aImages et propagande bImages et Propagande a1a ed. aFIRENZE bGiunti Gruppo Editoriale c1995 [1° Ed.:1995 - Ed.Ling.Originale:1995] a"192 p. (prefazione: no ; testo: 192)" aImmagini e Propaganda. Nascita della propaganda di Massa: propaganda Strumento della Politica di Massa, Grande Guerra, Variazioni Propagandiste. sforzo di una propaganda Autoritaria: immagini della conquista del Potere, Pedagogia della tematica Politica, Logica della Falsificazione, capi nell'immaginario Popolare. nelle Democrazie in Pericolo: Nuova Arte di Fare Il Propagandista, Professionalizzazione e Autonomia Parziale del settore Propagandistico, Movimento della Pubblicità, contro le Propagande totalitarie, Antifascismo in Immagine. ritorno Alla Guerra: Guerra di Spagna, Ii Guerra Mondiale, propaganda Nei paesi Occupati e Nei paesi Liberi, Simbolismo del Gruppo, nazioni Unite, Fotoreportage, Trascrizione grafica della Guerra Psicologica, reazione Sovietica. tra Guerra Fredda e Militantismo: propaganda in Mano Allo Stato Partito, propaganda di Stato, immagini Contestatarie, movimenti del 68. Dalla propaganda Alla Comunicazione Politica: ruolo dei Mass Media, Opinione Pubblica, Marketing Politico, trucchi Ostruzioni e Manipolazioni, istituzioni Internazionali, Apertura All'Est, Riconversioni Pubblicitarie. vari Documenti per Ogni Capitolo. Cronologia. Bibliografia. aLINGUAGGIO DELLA PROPAGANDA eCodice materia Spics: 6254